Politics in the ancient world
The business of politics - the vital process of conducting government through the dynamics of argument, conflict and decision-making - offers us one of the most revealing areas of insight into any society. Sir Moses Finley's exploration of politics in the city states of Greece and republican Ro...
Shranjeno v:
| Glavni avtor: | |
|---|---|
| Format: | Knjiga |
| Jezik: | Undetermined |
| Izdano: |
Cambridge UK
Cambridge University Press
1983
|
| Oznake: |
Označite
Brez oznak, prvi označite!
|
| Thư viện lưu trữ: | Trung tâm Học liệu Trường Đại học Cần Thơ |
|---|
| LEADER | 01217nam a2200193Ia 4500 | ||
|---|---|---|---|
| 001 | CTU_166711 | ||
| 008 | 210402s9999 xx 000 0 und d | ||
| 020 | |c 30 | ||
| 082 | |a 320.938 | ||
| 082 | |b F513 | ||
| 100 | |a Finley, Moses I. | ||
| 245 | 0 | |a Politics in the ancient world | |
| 245 | 0 | |c M.I. Finley | |
| 260 | |a Cambridge UK | ||
| 260 | |b Cambridge University Press | ||
| 260 | |c 1983 | ||
| 520 | |a The business of politics - the vital process of conducting government through the dynamics of argument, conflict and decision-making - offers us one of the most revealing areas of insight into any society. Sir Moses Finley's exploration of politics in the city states of Greece and republican Rome yields insights into the arenas of political debate which have made a major impact on our understanding of the ancient world. The early political involvement of the free lower classes, the effect of war and conquest on political stability, and the ideological pressures which influenced the course of internal conflicts are salient themes in this stimulating investigation of the nature of government in Greece and Rome. | ||
| 904 | |i Trọng Hiếu | ||
| 980 | |a Trung tâm Học liệu Trường Đại học Cần Thơ | ||